Магология (Запис номер 81352)
[ съкратено ]
| 000 -Лидер | |
|---|---|
| Контролно поле с фиксирана дължина | 01608nam a2200373 c 4500 |
| 003 - Код на организацията, давaща контролен номер | |
| Контролно поле | BLK |
| 005 - Дата и час на последна редакция | |
| Контролно поле | 20250613150742.0 |
| 008 - Елементи от данни с фиксирана дължина | |
| fixed length control field | 180408b bul|||||r ||||||| ||bul|| |
| 010 ## - Наследен системен номер | |
| LC control number | KNG00085854000 |
| 020 ## - Международен стандартен номер на книга ISBN | |
| Международен стандартен номер на книга ISBN | 978-954-761-247-1 |
| -- | издат.: ИнфоДар |
| 040 ## - Източник на каталожния запис | |
| Идентификатор на билиотеката - собственик на записа | BLK |
| 041 ## - Код за език | |
| Код за езика на текст/звукозапис или на отделно заглавие | Български |
| Код за езика КДБФ | Български |
| 080 ## - УДК | |
| Текстов определител УДК | Проблеми на окултното. Теории и системи на езотеричните дисциплини, които изясняват и интерпретират феномените и проблемите на окултното. Вж и 159.961; 291.3 |
| УДК код - определител по УДК | 133 |
| УДК определител | |
| УДК - код + определител | 133 |
| 139 ## - Редно поле | |
| Редна дума | Магология |
| Авторски знак | Маг - М 13 |
| 245 10 - Сведения за заглавието | |
| Заглавие | Магология |
| Подзаглавни данни | Истинно изложение за магьосниците, техните методи и многобройни великолепни способности, разказано от учителя Мерлин |
| Редно поле (дума) | прев. М. Иванова. |
| 257 ## - Страна на издаване | |
| Страна на създаване/издаване | Великобритания |
| 260 ## - Област на издателските данни | |
| -- | София |
| Име на издателя, разпространителя и проч. | ИнфоДар |
| Година на издаване | 2008 |
| Печатница | Китай |
| 300 ## - Физическа характеристика | |
| Страници | 30 с. |
| Илюстрации и др. | с цв. ил. |
| Размери/Мащаб | 31 см |
| 380 ## - Жанр | |
| Жанр | Детска отраслова лит. |
| 500 ## - Общи забележки | |
| Забележка | Ориг. загл. Wizardology. |
| 650 #4 - Допълнително описание по предмет – тема | |
| Основно описание – тема или топоним | Окултизъм |
| 9 (RLIN) | 164936 |
| 650 #4 - Допълнително описание по предмет – тема | |
| Основно описание – тема или топоним | Алхимия |
| 9 (RLIN) | 146813 |
| 650 #4 - Допълнително описание по предмет – тема | |
| Основно описание – тема или топоним | Магьосници |
| 9 (RLIN) | 160918 |
| 653 ## - Ключова дума – ненормативна | |
| Ключова дума | окултизъм |
| 653 ## - Ключова дума – ненормативна | |
| Ключова дума | магии |
| 653 ## - Ключова дума – ненормативна | |
| Ключова дума | алхимия |
| 700 1# - Други автори (авторска отговорност) | |
| Лично име | Иванова, М. |
| Автороска отговорност (Описва отношението между автора и произведението) | прев. |
| 9 (RLIN) | 300052 |
| 852 ## - Местоположение | |
| Форматна сигнатура | Цб ІІ 15356 |
| 856 4# - Електронен адрес и достъп | |
| Електронен формат | pdf - файл |
| Път до файла /url/ | |
| 856 4# - Електронен адрес и достъп | |
| Електронен формат | pdf - файл |
| Път до файла /url/ | |
| 942 ## - АРТИКУЛИ | |
| Вид на библиотечния материал | Книги |
| Скрит в OPAC | Не |
| Koha issues (borrowed), all copies | 4 |
| 944 ## - СЪЗДАВАНЕ И РЕДАКЦИЯ на ЗАПИСА | |
| Създаване/Редакция | Създаване |
| Дата на регистрацията/редакция | 08.10.2008 |
| Служител, извършил регистрацията/редакцията | 30543 |
| Статус, дата на статуса | Ива Цветкова |
| 944 ## - СЪЗДАВАНЕ И РЕДАКЦИЯ на ЗАПИСА | |
| Създаване/Редакция | Редакция |
| Дата на регистрацията/редакция | 13.10.2008 |
| Служител, извършил регистрацията/редакцията | |
| 999 ## - СИСТЕМНИ КОНТРОЛНИ НОМЕРА | |
| Koha biblionumber | 81352 |
| Koha biblioitemnumber | 81352 |
| Код за отписване | Код за изгубен артикул | Код за повреда | Коз за рестрикции | Код за отдаване | Артикулен № | Име на библиотеката - собственик | Име на библиотеката, в която се намира в момента | Статус (Текущо местоположение) | Дата на вписване в системата | Местоположение - отдел | Цена в лева | Инвентарен номер | Систематично азбучна сигнатура | Баркод | Номер на екземпляра | Цена в евро | Служебна бележка | Служебен тип на артикула |
|---|---|---|---|---|---|---|---|---|---|---|---|---|---|---|---|---|---|---|
| Не е изгубен | Не е повреден | без рестрикции | заемане за дома | 131875 | Регионална библиотека "Любен Каравелов" Русе | Регионална библиотека "Любен Каравелов" Русе | Детски отдел | 2008-09-29 | Детски отдел | 35.00 | 120000729810 | ДН 1/М 13 | 120000729810 | 1 | 17.90 | Дост: Pk Вид: Ф N: 8936 Дата: 24.09.2008 Дата инв: 21.08.2015 Бележки инв: Д2015 | Книги |